00784nam a2200217 a 450000100060000000300080000600500170001400800410003103500190007203500190009104000400011004100080015008200250015810000460018324501170022926000650034630000510041150400300046265000280049265100460052038496BD-RjUL20211209052817.0151221t19621958njuab b 000 0 eng  a(BD-RjUL)38601 a(OCoLC)5585408 aDLCcOKentUdOCoLCdNSbSUdDLCbeng aeng 223a336.62bSHF 19621 aShaw, Stanford J.q(Stanford Jay),d1930-14aThe financial and administrative organization and development of Ottoman Egypt, 1517-1798 /cBy Stanford J. Shaw aPrinceton, N.J. :bPrinceton University Press,c1962 [c1958] axxxiii, 451 p. :bfold. maps, tables ;c25 cm. aBibliography: p. 405-414. 0aFinance, PubliczEgypt. 0aEgyptxPolitics and governmenty640-1882.